Statistics for 20 Biggest Cities in the United States in 1900

Click here to take the quiz!

General Stats

  • This quiz has been taken 64 times
  • The average score is 15 of 20

Answer Stats

PopulationCity% Correct
3,437,202New York City
98%
1,698,575Chicago
96%
278,718Washington D.C.
93%
560,892Boston
91%
285,704Detroit
89%
1,293,697Philadelphia
88%
342,782San Francisco
86%
381,768Cleveland
79%
321,616Pittsburgh
79%
325,902Cincinnati
77%
508,957Baltimore
75%
575,238Saint Louis
73%
352,387Buffalo
71%
202,718Minneapolis
68%
287,104New Orleans
68%
285,315Milwaukee
64%
204,731Louisville
54%
175,597Providence
54%
246,070Newark
39%
206,433Jersey City
29%

Score Distribution

Percentile by Number Answered

Percent of People with Each Score

Your Score History

You have not taken this quiz